000 00623nam a2200229Ia 4500
003 OSt
005 20221007071320.0
006 a|||||r|||| 00| 0
007 ta
008 221006b |||||||| |||| 00| 0 eng d
024 _a24,698
037 _cTextual
040 _aFLL
_cFLL
_beng
041 _2eng
_aeng
082 _aZ3,2,46, L8
100 _aCorfield Frederick
_9688501
245 0 _aCompulsory acquisition and compensation
260 _aLondon
_bButterworths & Co. UK
_c1978
300 _axlii,476p
_ccm.
942 _hZ3,2,46, L8
_cTEXL
_2CC
999 _c1143037
_d1143037